| 000 | 00681cab a2200229 4500 | ||
|---|---|---|---|
| 001 | ABS60251 | ||
| 008 | 090401t1999 xxu||||| |||| 00| 0 eng d | ||
| 035 | _a(Sirsi) u91476 | ||
| 041 | _aeng | ||
| 100 | _aChidell, R. | ||
| 245 | _aWhat is plant? -1 | ||
| 260 | _c1999 | ||
| 350 | _a0 | ||
| 490 |
_aTaxation _v142(3694) 18 February 1999, 488-489(2) |
||
| 520 | _aExamines the legal background to the claiming of capital allowances on plant and machinery. First of two articles. Part two - ABS60250. (Taken from journal heading.) | ||
| 650 | _aCAPITAL ALLOWANCES | ||
| 650 | _aMACHINERY | ||
| 650 | _aPLANT | ||
| 690 | _aTAXATION | ||
| 942 | _n0 | ||
| 948 | _c19/02/1999 | ||
| 999 |
_c58075 _d58075 |
||